000 00609nam a2200193 a 4500
001 12775
003 CO-ViMGA
008 141112s2004 ck r 000 u spa d
040 _aCO-ViMGA
_bspa
_cCO-ViMGA
082 0 4 _a956.94 F734
100 1 _aFreilich, de Segal Alicia
_918507
245 1 0 _aLegitima Defensa :
_bcomentarios - polemicas
260 _aVenezuela :
_bUrbina,
_c1984
300 _a145p. : il.
650 1 4 _aCOLECCIONES DE ESCRITOS
_915663
650 1 4 _aJUDIOS - CONDICIONES PolĂ­ticaS Y SOCIALES - COLECCIONESDE ESCRITOS
_918508
650 1 4 _aPERSECUSION DE LOS JUDIOS
_918509
942 _2ddc
_cBK
999 _c23719
_d23719